000
00299nas a2200121 4500
005
20211102145532.0
008
211102b ||||| |||| 00| 0 eng d
022
_a
0971-5215
040
_c
245
_a
Indian journal of gender studies
260
_a
Sage publication
_b
Oct 2020
942
_2
ddc
_c
PR
999
_c
220347
_d
220347